000 00915nam a22002897a 4500
001 BR6007562
003 BR-BrBNA
005 20230928083302.0
007 ta
008 230509b bl.||||| |||| 00| 0 por d
040 _aBR-BrBNA
_bpor
_cBiblioteca Nacional de Agricultura
041 _a(Por)
072 _aQ10; E70
_b9700
_b/G514
090 _ 9700 BR6007562
110 1 _aConselho Nacional de Desenvolvimento da Pecuaria, Rio de Janeiro, GB (Brasil)
_92674
245 1 _aParque industrial de carnes e derivados. Minas Gerais 1967/1968 [Brasil]
_bEstudos de comercializacao e industrializacao de gado e carnes
260 3 _aRio de Janeiro, GB (Brasil):
_c1969.
300 _a32 p.
650 _aCARNE
650 _aINSTALACAO AGRICOLA
650 _aINDUSTRIA ALIMENTICIA
650 _aFRIGORIFICO
650 _aESTOCAGEM
650 _aMERCADO
909 _a202309
_bLucia
_c55
_dLucia Elande
942 _cBK
999 _c12587
_d12587